Statistics for "A Feast for Crows" POV's

Click here to take the quiz!

General Stats

  • This quiz has been taken 15 times
  • The average score is 10 of 13

Answer Stats

Status at the end of the bookCharacter% Correct
Alive; at BraavosArya Stark / Cat
92%
Alive; at the Gates of the MoonSansa Stark / Alayne Stone
92%
Alive; at RiverrunSer Jaime Lannister
92%
Missing in action; in the RiverlandsBrienne of Tarth
85%
Imprisoned; at King's LandingQueen Cersei Lannister
85%
Alive; at OldtownSamwell Tarly
85%
Alive; at SunspearPrincess Arianne Martell
77%
Alive; at SunspearAreo Hotah
69%
Alive; on Old WykAeron Greyjoy
62%
Alive; at Lord Hewett's TownLord Captain Victarion Greyjoy
62%
Deceased; poisoned at OldtownPate
62%
Alive; at Old WykPrincess Asha Greyjoy
54%
Deceased; slain at the GreenbloodSer Arys Oakheart
54%

Score Distribution

Percentile by Number Answered

Percent of People with Each Score

Your Score History

You have not taken this quiz